00614nam a2200217Ia 4500008004100000020001800041100002100059245003900080245002100119260001500140260002000155260000900175300001600184300002700200300001000227650001600237650002500253700000800278999001900286952009100305160803s9999 xx 000 0 und d a9780439785105 aMicucci, Charles 4aThe life and times of the peanut / cCharles Micucci. aNew York : bScholastic Inc. c1997 a32 pages :  bcolor illustrations ;  c23 cm aPeanuts --  xJuvenile literature. a980 c298877d298877 001040aSSISBbSSISBcLEXd2016-08-03l0pSC-803r2016-08-03 00:00:00w2016-08-03yBK